Pays qui contiennent la lettre O - Statistiques

Statistiques générales
  • Ce quiz a été pris 329 fois
  • Le résultat moyen est 53 sur 75
Statistiques - réponses
Indice Pays % Correct
1 x O Japon
91%
1 x O Portugal
89%
3 x O République Démocratique du Congo
89%
2 x O République du Congo
89%
1 x O Maroc
86%
1 x O Norvège
86%
2 x O Colombie
84%
1 x O Ouzbékistan
84%
2 x O Pologne
84%
1 x O Soudan
83%
2 x O Corée du Nord
82%
1 x O Oman
82%
1 x O Corée du Sud
81%
1 x O Ouganda
81%
1 x O Slovaquie
81%
1 x O Bolivie
80%
1 x O Royaume-Uni
80%
1 x O Slovénie
80%
2 x O Mongolie
78%
1 x O Nouvelle-Zélande
78%
1 x O Roumanie
78%
1 x O Biélorussie
77%
1 x O Estonie
77%
1 x O Hongrie
77%
1 x O Indonésie
77%
3 x O Kosovo
77%
2 x O Monaco
77%
1 x O Pérou
77%
1 x O Soudan du Sud
77%
2 x O Togo
77%
1 x O Andorre
76%
1 x O Lettonie
76%
2 x O Papouasie-Nouvelle-Guinée
76%
1 x O Moldavie
75%
1 x O Cameroun
74%
1 x O Laos
74%
1 x O Somalie
72%
1 x O Arabie Saoudite
71%
1 x O Bhoutan
70%
1 x O Costa Rica
70%
1 x O Mozambique
70%
2 x O Bosnie-Herzégovine
69%
1 x O Croatie
69%
1 x O Honduras
69%
1 x O Jordanie
69%
2 x O Monténégro
69%
2 x O Lesotho
68%
1 x O République Dominicaine
68%
1 x O Angola
67%
1 x O Botswana
67%
2 x O Comores
66%
1 x O Luxembourg
66%
1 x O Éthiopie
65%
1 x O Koweït
65%
1 x O Cambodge
64%
1 x O Dominique
64%
1 x O Géorgie
64%
2 x O Côte d'Ivoire
63%
1 x O Guinée Équatoriale
63%
2 x O Macédoine du Nord
63%
2 x O Sao Tomé-et-Principe
62%
1 x O Gabon
61%
1 x O Tonga
60%
1 x O Samoa
58%
1 x O Burkina Faso
57%
1 x O États Fédérés de Micronésie
57%
2 x O Îles Salomon
57%
1 x O Palaos
57%
1 x O Salvador
57%
1 x O Djibouti
56%
1 x O Singapour
56%
1 x O Saint-Christophe-et-Niévès
55%
2 x O Trinité-et-Tobago
54%
2 x O Timor Oriental
50%
1 x O Sierra Leone
48%
Aucun quiz correspondant
Distribution des résultats
% des personnes avec chaque résultat
Percentile par nombre de réponses
Votre historique - résultats
Vous n’avez pas pris ce quiz